Powerful Literature Quiz Stats

 Plays Quiz Updated Aug 23, 2018

Score 0/20 Timer 05:00
3 Plays Today
Question Answer Wrong Answers
____ of the Flies
William Golding
Lord
96.5%
Commander
0.3%
Marquis
0.2%
Emperor
0.2%
The ____ of Monte Cristo
Alexandre Dumas
Count
95.2%
Duke
1.2%
Earl
0.5%
Thane
0.2%
On Her ____ Secret Service
Ian Fleming
Majesty's
94.7%
Lady's
1.4%
Regent's
0.2%
Grace's
0.7%
The ____ Diaries
Meg Cabot
Princess
94.3%
Empress
1.1%
Duchess
1.2%
Marquise
0.5%
____ Caspian: The Return to Narnia
C. S. Lewis
Prince
90.2%
Lord
3.3%
King
2.4%
Captain
1.3%
Master and ____
Patrick O'Brian
Commander
88.7%
Conquistador
1.9%
Commodore
3.7%
Captain
2.6%
Sir Gawain and the Green ____
Anonymous
Knight
87.2%
Emir
2.1%
King
2.4%
Prince
5.1%
A Clash of ____
George R. R. Martin
Kings
86.4%
Chiefs
2.3%
Knights
3.8%
Warlords
4.5%
The Portrait of a ____
Henry James
Lady
86.3%
Duchess
6.5%
Countess
2.4%
Princess
1.7%
____ Courageous
Rudyard Kipling
Captains
82.6%
Corporals
4.5%
Commanders
6.4%
Commandants
3.3%
The French ____ Woman
John Fowles
Lieutenant's
82%
Admiral's
5.7%
Viscount's
3.3%
Marquis'
5.9%
The White ____
Philippa Gregory
Queen
81.4%
Empress
7.6%
Priestess
4.6%
Baroness
3.3%
The Night ____
John le Carré
Manager
77.7%
Supervisor
8.8%
Colonel
3.1%
Chief
7.4%
____ and Gentlemen
Evelyn Waugh
Officers
74.6%
Officials
1.5%
Lords
19%
Presidents
1.8%
The ____ of Wakefield
Oliver Goldsmith
Vicar
70%
Minister
7.3%
Highpriest
6.3%
Abbott
13.1%
The ____ of Casterbridge
Thomas Hardy
Mayor
64.7%
Governor
5.9%
Chancellor
12%
Viscount
14.2%
Death Comes for the ____
Willa Cather
Archbishop
52.4%
Pope
13.1%
Cardinal
14.9%
Vicar
16.5%
The ____ and Margarita
Mikhail Bulgakov
Master
49.9%
Minister
18.9%
Captain
15.1%
General
13%
The ____ Jones
Eugene O'Neill
Emperor
40.2%
General
17.8%
Baron
14.2%
Major
24.5%
The ____ of the Kremlin
Tom Clancy
Cardinal
29.5%
Czar
44.1%
Kaiser
11.9%
King
11.4%

You're not logged in!

Compare scores with friends on all Sporcle quizzes.
OR
Log In

Sporcle TV

Today on Sporcle TV


Watch our educational content, quiz creation guides, and fun videos on Sporcle TV.

Show Comments

Extras

Top Quizzes Today


Score Distribution

Your Account Isn't Verified!

In order to create a playlist on Sporcle, you need to verify the email address you used during registration. Go to your Sporcle Settings to finish the process.

Report this User

Report this user for behavior that violates our Community Guidelines.

Details: